000 01217nam a2200289 4500
001 0000019812
003 CO-CtgCURN
005 20250331185249.0
007 ta
008 160627s2010 000 0 eng d
020 _a9789701072837
040 _aCO-CtgCURN
_bspa
_ccoctgcurn
082 0 _a658.15
_bB740
100 1 _aBrealey, Richard A.
245 1 0 _aPrincipios de finanzas corporativas /
_cRichard A. Brealey, Stewart C. Myers, Franklin Allen.
250 _a9a ed.
260 _aMexico :
_bMcGraw-Hill,
_c2010.
300 _a976 p.
336 _2rdacontent
337 _2rdamedia
_asin mediacion
_bn
338 _2rdacarrier
_avolumen
_bnc
505 8 _aValor.--Riesgo.--Mejores practicas en el presupuesto del capital.--Las decisiones de financiamiento y la eficiencia del mercado.--La política de pago de dividendos y la estructura de capital.--Opciones.--Financiamiento por deuda.--Administracion de riesgos.--La planeacion financiera y la Administración del capital de trabajo.--Fusiones control corporativo y gobierno
650 1 4 _aFinanzas corporativas.
908 _a160627
942 _cBK
_h658.15
_iB740
_2ddc
999 _c24602
_d24602